000 00257nam a2200109Ia 4500
008 190914s9999||||xx |||||||||||||| ||und||
100 _aKotler
245 0 _aPrinciples Marketing
260 _aNew Delhi
_bBantam Books Inc
_c2001
300 _a395
942 _cBK
999 _c9139
_d9139